000 00288nam a2200109Ia 4500
008 220204s9999 xx 000 0 und d
082 _a681.326.3
_bALE
100 _aAlexandris, Nikitas A
245 0 _aMicroprocessor system design concepts
260 _aDelhi
_bGalgotia
_c1984
942 _cBK
999 _c38959
_d38959